000 00326nam a22001457a 4500
999 _c54951
_d54951
008 190927b ||||| |||| 00| 0 eng d
020 _a9780071736367
041 _aeng
080 _a336
082 _a336
100 _a64
101 _aINV
245 _aSaving Capitalism from Short-Termism
_cBogle,J.C
942 _2udc
_cBK